| 000 | 00869nam a22002297a 4500 | ||
|---|---|---|---|
| 005 | 20210325205357.0 | ||
| 008 | s2009 eng d | ||
| 041 | _aeng | ||
| 090 | _aKC43 P76 2009 | ||
| 245 | 1 | 0 | _aProceeding of the 4th International Conference on "Law in the changing world" December 9th, 2009, Faculty of Law, Thammasat University, Bangkok, Thailand |
| 260 | 3 |
_aBangkok : _bFaculty of Law, Thammasat, _c2009 |
|
| 300 |
_a423 p. ; _b 29 cm. |
||
| 650 | 0 | 4 | _aIntellectual property |
| 650 | 0 | 4 | _aInternational trade -- Law and legislation |
| 650 | 0 | 4 | _aEnvironmental law -- Thailand |
| 650 | 0 | 4 | _aLaw -- Congresses -- Thailand |
| 850 | _aNALT | ||
| 942 | _cLB | ||
| 997 |
_aG 2627 _kVC |
||
| 997 | _c000000000063382 | ||
| 998 | _aนางสุกัญญา กัลยา | ||
| 999 |
_c63382 _d63382 |
||